000 00347nam a2200133Ia 4500
008 230312s9999||||xx |||||||||||||| ||und||
082 _a332.45
_bFIN
245 0 _aFinance of International Trade
260 _bInstitute of Bankers Pakistan
_aKarachi
_c2006
300 _a156
546 _aEng.
650 _aEconomics
_vFinancing impacts
942 _cBK
999 _c2335
_d2335